000 01503nam0a2200301 4500
001 RU\NLR\BIBL_A\011710777
005 20260407122720.0
035 _a(NLR Aleph) 011710777
090 _a11432375
_c11432375
100 _a20180522d1985 |||y0rusy50 ca
101 0 _arus
102 _aRU
105 _ay j 000zy
200 1 _aКомсомол Прикамья на защите Родины (1941-1945 гг.)
_e(метод. рекомендации в помощь лектору)
_fПерм. обл. орг. О-ва "Знание", Комис. по пропаганде знаний среди молодежи, Перм. обком ВЛКСМ
_g[Якунцов В. И., преп.]
210 _aПермь
_cПермоблмашинформ
_d1985
215 _a[1], 32 с.
_d20
320 _aБиблиогр.: с. 31-32
606 1 _aВеликая Отечественная война
_xКомсомольские организации и их работа
_yПрикамье
_z1941 - 1945
_92367791
_3RU\NLR\AUTH\6601635435
686 1 _aФ75(2)193(2Р36)127.22
686 1 _aФ75(2)127.22
702 1 _aЯкунцов
_bВ.И.
_gВиктор Иванович
_4220
712 0 2 _4570
_a"Знание", общество РСФСР
_bПермское областное отделение
_3RU\NLR\AUTH\889959507
_9415185
852 _aNLR
_j85-4/37570
942 _cBOOK
980 _aNB